[Event "CAN-ch U08"]
[Site "Windsor"]
[Date "2016.07.07"]
[Round "5.128"]
[White "Puri, Arjun"]
[Black "Han, Johnathan"]
[Result "0-1"]
[WhiteElo "565"]
[BlackElo "985"]
[PlyCount "64"]
[EventDate "2016.07.05"]
[EventType "swiss"]
[EventRounds "7"]
[EventCountry "CAN"]
[SourceTitle "EXT 2022"]
[Source "ChessBase"]
[SourceDate "2021.10.06"]
[SourceVersion "1"]
[SourceVersionDate "2021.10.06"]
[SourceQuality "1"]

1. e4 e5 2. Nf3 Nf6 3. Nc3 Nc6 4. Bc4 Bc5 5. 0-0 d6 6. d3 h6 7. h3 0-0 8. Na4 a6 9. Nxc5 dxc5 10. Be3 b6 11. Nh4 b5 12. Ng6 bxc4 13. Nxf8 Qxf8 14. dxc4 Be6 15. b4 Bxc4 16. Bxc5 Qd8 17. Qxd8+ Rxd8 18. Rad1 Rxd1 19. Rxd1 Nxe4 20. Rd8+ Kh7 21. Be3 Nxd8 22. b5 axb5 23. a3 f5 24. a4 bxa4 25. Bc5 Nxc5 26. g4 a3 27. gxf5 a2 28. f6 a1Q+ 29. Kg2 Bd5+ 30. Kh2 Qh1+ 31. Kg3 Qg2+ 32. Kh4 Qg5# 0-1

[Event "CAN-ch U08"]
[Site "Windsor"]
[Date "2016.07.05"]
[Round "1.126"]
[White "Puri, Arjun"]
[Black "Deng, Henry"]
[Result "1-0"]
[WhiteElo "565"]
[BlackElo "1050"]
[PlyCount "28"]
[EventDate "2016.07.05"]
[EventType "swiss"]
[EventRounds "7"]
[EventCountry "CAN"]
[SourceTitle "EXT 2022"]
[Source "ChessBase"]
[SourceDate "2021.10.06"]
[SourceVersion "1"]
[SourceVersionDate "2021.10.06"]
[SourceQuality "1"]

1. e4 Nc6 2. Nf3 e5 3. Nc3 Bb4 4. d3 d6 5. Bg5 Nge7 6. a3 Bxc3+ 7. bxc3 Bg4 8. Rb1 b6 9. d4 exd4 10. cxd4 Rb8 11. d5 Nd4 12. Qxd4 c5 13. Bb5+ Kf8 14. Qa4 Rc8 1-0